000 00441nam a2200145Ia 4500
008 230917s9999||||xx |||||||||||||| ||und||
040 _e165800
_aMAIN
041 _aEnglish
082 _a891.433721 AJ47P
100 _aअख्तर, जमुनादास
245 0 _aपंजाब की बेटी
260 _aदिल्ली
_bहिन्दी-बुक सेंटर
_c1968
300 _a160 पृ. p.
942 _cHN
999 _c41085
_d41085